| 000 | 00668nam a2200181 i 4500 | ||
|---|---|---|---|
| 001 | 103868 | ||
| 003 | ES-MaACL | ||
| 005 | 20230906183448.0 | ||
| 007 | t| | ||
| 008 | 051118s1969 sp ||||1| spa d | ||
| 245 | 0 | 0 |
_aMétodos de análisis de vitaminas / _cpreparado... por la Asociación de Químicos de Vitaminas; [traducción... Mª Soledad G. Chamorro y Claudio Fernández Heredia]. |
| 260 |
_aLeón : _bAcademia, _c1969. |
||
| 300 |
_aXIX, 396 p. ; _c23 cm. |
||
| 700 | 1 |
_aChamarro, María Soledad, G. _937842 |
|
| 700 | 0 |
_aFernández de Heredia, Claudio. _949664 |
|
| 710 | 2 |
_aAssociation of Vitamin Chemists. _91830 |
|
| 852 |
_aES-MaACL _jC-41092 _bR.80265 |
||
| 999 |
_c103868 _d103868 |
||